[Event "Doriano Spinelli mem 2nd"]
[Site "Torino"]
[Date "2016.12.03"]
[Round "3"]
[White "Wisbey, Danilo"]
[Black "Cutelli, Massimo"]
[Result "0-1"]
[WhiteElo "1585"]
[BlackElo "1850"]
[PlyCount "66"]
[EventDate "2016.12.01"]
[EventType "swiss"]
[EventRounds "5"]
[EventCountry "ITA"]
[SourceTitle "CBM 176 Extra"]
[Source "ChessBase"]
[SourceDate "2017.03.02"]
[SourceVersion "1"]
[SourceVersionDate "2017.03.02"]
[SourceQuality "1"]

1. d4 Nf6 2. Nf3 e6 3. Bf4 d5 4. e3 c5 5. c3 Nc6 6. Nbd2 Bd6 7. Bg3 0-0 8. Bd3 cxd4 9. exd4 Qc7 10. Bxd6 Qxd6 11. 0-0 e5 12. dxe5 Nxe5 13. Nxe5 Qxe5 14. Nf3 Qf4 15. Qd2 Qg4 16. Qg5 Re8 17. Rfe1 Bd7 18. h3 Qxg5 19. Nxg5 h6 20. Nf3 Ne4 21. Re2 Nc5 22. Rxe8+ Rxe8 23. Bf1 Bf5 24. Rd1 Be4 25. Re1 Kf8 26. Nd2 g6 27. b3 Rc8 28. Rc1 b5 29. f3 Bd3 30. Bxd3 Nxd3 31. Rc2 Nb4 32. Rb2 Rxc3 33. Kf2 Nd3+ 0-1

[Event "Torino Spinelli Memorial 1st"]
[Site "Torino"]
[Date "2015.12.06"]
[Round "4"]
[White "Wisbey, Danilo"]
[Black "Peruffo, Giovanni"]
[Result "1-0"]
[WhiteElo "1587"]
[BlackElo "1453"]
[PlyCount "175"]
[EventDate "2015.12.04"]
[EventType "swiss"]
[EventRounds "5"]
[EventCountry "ITA"]
[SourceTitle "EXT 2018"]
[Source "ChessBase"]
[SourceDate "2017.10.13"]
[SourceVersion "1"]
[SourceVersionDate "2017.10.13"]
[SourceQuality "1"]

1. d4 d6 2. Bf4 e6 3. Nf3 Nf6 4. e3 d5 5. c3 b6 6. Bd3 Bb7 7. Nbd2 Be7 8. Ne5 0-0 9. Qf3 Nbd7 10. Qh3 g6 11. Ndf3 Nh5 12. Bh6 Nxe5 13. Nxe5 Re8 14. Qf3 f6 15. Nxg6 hxg6 16. Bxg6 Ng7 17. Bxe8 Qxe8 18. Qg3 Bf8 19. h4 Rc8 20. h5 Qf7 21. Bxg7 Qxg7 22. Qg6 Bc6 23. Qxg7+ Kxg7 24. Ke2 Kh6 25. Rh3 f5 26. Rah1 Bd6 27. f4 Rg8 28. Kf2 a5 29. Rf3 Be8 30. Rh2 Rg4 31. Rg3 Be7 32. Rxg4 fxg4 33. Rh1 Bxh5 34. g3 c6 35. Rc1 b5 36. b3 Ba3 37. Rd1 Bb2 38. c4 Bc3 39. Rc1 Bb2 40. Rc2 Ba3 41. cxd5 cxd5 42. Rc6 Bf7 43. Rb6 a4 44. Rxb5 axb3 45. axb3 Kg6 46. b4 Kf6 47. Rb7 Be8 48. b5 Bd6 49. b6 Bc6 50. Rh7 Kg6 51. Rh8 Kg7 52. Rd8 Be7 53. Rc8 Bb5 54. b7 Bd6 55. b8Q Bxb8 56. Rxb8 Bd3 57. Rb7+ Kf6 58. Rb8 Kg6 59. Ke1 Kf5 60. Rb6 Kf6 61. Kd2 Bc4 62. Rb8 Kf5 63. Rg8 Bb3 64. Ke2 Bc4+ 65. Kd2 Bb3 66. Rg5+ Ke4 67. Rxg4 Kf5 68. Rg5+ Kf6 69. Re5 Ba2 70. g4 Bb1 71. f5 exf5 72. gxf5 Bxf5 73. Rxd5 Bc8 74. e4 Bb7 75. Re5 Bc8 76. Ke3 Bd7 77. Kf4 Bc8 78. Rb5 Bd7 79. Rb6+ Ke7 80. Rb7 Kd6 81. Rxd7+ Kxd7 82. e5 Ke6 83. Ke4 Ke7 84. d5 Kd7 85. Kf5 Ke7 86. e6 Ke8 87. Kf6 Kd8 88. Kf7 1-0